书目信息 |
| 题名: |
燃气输配工程分析
|
|
| 作者: | 严铭卿 著 | |
| 分册: | ||
| 出版信息: | 北京 石油工业出版社 2007.08 |
|
| 页数: | 551页 | |
| 开本: | 26cm | |
| 丛书名: | ||
| 单 册: | ||
| 中图分类: | TU996.6 | |
| 科图分类: | ||
| 主题词: | 煤气输配--mei qi shu pei--工程施工 | |
| 电子资源: | ||
| ISBN: | 978-7-5021-5904-7 | |
| 000 | 00985nam0 2200253 450 | |
| 001 | 012008540158 | |
| 005 | 20080604081350.75 | |
| 010 | @a978-7-5021-5904-7@dCNY140.00 | |
| 100 | @a20080604d2007 em y0chiy0120 ea | |
| 101 | 0 | @achi |
| 102 | @aCN@b110000 | |
| 105 | @ay a 000yy | |
| 106 | @ar | |
| 200 | 1 | @a燃气输配工程分析@Aran qi shu pei gong cheng fen xi@d= Engineering analysis of gas transportation & distribtion@f严铭卿等著@Fyan ming qing deng zhu@zeng |
| 210 | @a北京@c石油工业出版社@d2007.08 | |
| 215 | @a551页@d26cm | |
| 320 | @a有书目 | |
| 330 | @a本书介绍了有关燃气输配工程的基础技术理论以及分析计算方法。包括:燃气负荷分析与预测、天然气长输管道流动分析、天然气地下储气库模拟、吸附天然气工程分析等。 | |
| 510 | 1 | @aEngineering analysis of gas transportation & distribtion@zeng |
| 606 | 0 | @a煤气输配@Amei qi shu pei@x工程施工 |
| 690 | @aTU996.6@v4 | |
| 701 | 0 | @a严铭卿@Ayan ming qing@4著 |
| 801 | 0 | @aCN@bQSSK@c20080604 |
| 905 | @b724062-63@dTU996.6@eY057@f2 | |
| 燃气输配工程分析= Engineering analysis of gas transportation & distribtion/严铭卿等著.-北京:石油工业出版社,2007.08 |
| 551页;26cm |
| ISBN 978-7-5021-5904-7:CNY140.00 |
| 本书介绍了有关燃气输配工程的基础技术理论以及分析计算方法。包括:燃气负荷分析与预测、天然气长输管道流动分析、天然气地下储气库模拟、吸附天然气工程分析等。 |
| ● |
| 相关链接 |
|
|
|
正题名:燃气输配工程分析
索取号:TU996.6/Y057
 
预约/预借
| 序号 | 登录号 | 条形码 | 馆藏地/架位号 | 状态 | 备注 |
| 1 | 724062 | 207240626 | 能源与建筑环境工程学院资料室/101建筑库 98排4列1层/ [索取号:TU996.6/Y057] | 在馆 | |
| 2 | 724063 | 207240635 | 能源与建筑环境工程学院资料室/101建筑库 98排4列1层/ [索取号:TU996.6/Y057] | 在馆 |